| 000 | 00536nam a22001937a 4500 | ||
|---|---|---|---|
| 999 |
_c6475 _d6475 |
||
| 003 | OSt | ||
| 005 | 20200123134129.0 | ||
| 008 | 200123b ||||| |||| 00| 0 eng d | ||
| 020 | _a0333517350 | ||
| 040 | _c040a | ||
| 082 |
_a809 _bBLA 1991 |
||
| 100 |
_aBlamires, Harry _913312 |
||
| 245 |
_aA history of literary criticism / _cHarry Blamires |
||
| 260 |
_aLondon _bThe Macmillan press _c1991 |
||
| 300 |
_aviii,412p; _c10cm. |
||
| 504 | _aIncludes bibliographical references and index | ||
| 650 | _2Literature | ||
| 942 |
_2ddc _cO_SHELF |
||